| 000 | 01135nam a22003017a 4500 | ||
|---|---|---|---|
| 005 | 20080929101452.0 | ||
| 008 | 080929t xxu||||| |||| 00| 0chin d | ||
| 010 | _aHIN-92153 | ||
| 020 |
_a9788177112740 _c150.00 |
||
| 035 | _aHN-64499 | ||
| 037 | _bDBAD / PUB | ||
| 040 |
_aDPL _bHN |
||
| 082 | _aउ | ||
| 100 |
_926640 _aचौहान, निधि |
||
| 245 |
_aमाई एंजल / _cनिधि चौहान |
||
| 246 |
_aMy Angal _bby Needhi Chowhan |
||
| 260 |
_aजयपुर _bसाहित्यागार _c2011 |
||
| 270 |
_a958, धामाणी मार्केट की गली, चौडां रास्ता, _bजयपुर |
||
| 300 |
_a124पृ. _c22सेमी (सजिल्द) |
||
| 650 |
_9697 _aहिन्दी कथा साहित्य |
||
| 650 |
_aHindi Novel _926793 |
||
| 650 | _926674 | ||
| 650 | _9698 | ||
| 700 | _926643 | ||
| 710 | _926662 | ||
| 942 |
_2ddc _cHN _hउ _mचौहान |
||
| 999 |
_c51245 _d51245 |
||